| 000 | 00575cam a22002291 4500 | ||
|---|---|---|---|
| 001 | sa 67005003 | ||
| 003 | DLC | ||
| 005 | 20260227112352.0 | ||
| 008 | 900116s1967 ii 000 0 beno | ||
| 010 | _asa 67005003 | ||
| 035 | _a(OCoLC)20906729 | ||
| 040 |
_aDLC _cWaU _dDLC |
||
| 042 | _apremarc | ||
| 043 | _aa-ii--- | ||
| 050 | 0 | 0 |
_aPK1706 _b.G8 |
| 100 | 1 | _aGupta, Kshetra. | |
| 245 | 1 | 0 | _aPurātana Bāṃlā sāhityera itihāsa. |
| 260 | _c[1967] | ||
| 300 |
_a236 p. _c22 cm. |
||
| 500 | _aIn Bengali. | ||
| 650 | 0 |
_aBengali literature _xHistory and criticism. |
|
| 999 |
_c74891 _d74891 |
||